ბათუმის შოთა რუსთაველის სახელმწიფო უნივერსიტეტის ბიბლიოთეკა

Крестьянская сельско-хозяйственная энциклопедия.Т.I и II. (ბიბ.ჩანაწერი № 44744)

000 -LEADER
fixed length control field 01177nam a2200253Ia 4500
001 - CONTROL NUMBER
control field 11549
003 - CONTROL NUMBER IDENTIFIER
control field GE_BSU
008 - FIXED-LENGTH DATA ELEMENTS--GENERAL INFORMATION
fixed length control field 181216s||||||||xx |||||||||||||| ||und||
040 ## - CATALOGING SOURCE
Transcribing agency GE_BSU
080 ## - UNIVERSAL DECIMAL CLASSIFICATION NUMBER
Universal Decimal Classification number 63.(031)
245 ## - TITLE STATEMENT
Title Крестьянская сельско-хозяйственная энциклопедия.Т.I и II.
245 ## - TITLE STATEMENT
Remainder of title Экономика и благоустройство деревни.
245 ## - TITLE STATEMENT
Statement of responsibility, etc. Под ред:И.Я.Гурова;
260 ## - PUBLICATION, DISTRIBUTION, ETC.
Place of publication, distribution, etc. Москва.
260 ## - PUBLICATION, DISTRIBUTION, ETC.
Name of publisher, distributor, etc. Госиздат.
260 ## - PUBLICATION, DISTRIBUTION, ETC.
Date of publication, distribution, etc. 1925.
300 ## - PHYSICAL DESCRIPTION
Extent 735с;26см.Илл.
300 ## - PHYSICAL DESCRIPTION
Accompanying material С.194 иллюстрациями и картограммами.
520 ## - SUMMARY, ETC.
Summary, etc. Крестьянская сельско-хоз.энциклопедия. Т.1.Животноводство, II и III. Экономика и благоустройство деревни,IV,V,и VIЗемледелие,дополнительный том.
653 ## - INDEX TERM--UNCONTROLLED
Uncontrolled term Крестьянская сельско-хозяйственная энциклопедия.Т.I и II.
653 ## - INDEX TERM--UNCONTROLLED
Uncontrolled term Сельское хозяиство
653 ## - INDEX TERM--UNCONTROLLED
Uncontrolled term სოფლის მეურნეობა
942 ## - ADDED ENTRY ELEMENTS (KOHA)
Koha item type წიგნი
ეგზემპლარები
Withdrawn status Lost status Damaged status Not for loan Date acquired Barcode Date last seen Price effective from Koha item type
        2018-12-17 19380 2018-12-17 2018-12-17 წიგნი